000 00308nam a2200121Ia 4500
005 20251222153640.0
008 251222s9999||||xx |||||||||||||| ||spa||
082 _a343.333/C76
245 0 _aReglamento del Congreso de la Republica
250 _a1ra. ed.
264 _bCongreso de la República
942 _cLIB
999 _c32719
_d32719